Cuando Israel cumplió treinta años
Análisis sobre el desarrollo del Estado de Israel, a tres décadas de la proclamación de independencia del 14 de mayo de 1948. Inicia explicando una serie de concepciones de carácter cultural como la de “pueblo elegido”, el tiempo y la perennidad, su nombre, etc. Asimismo, en paralelo con referencias...
Uloženo v:
| Hlavní autor: | |
|---|---|
| Médium: | Kniha |
| Jazyk: | Undetermined |
| Vydáno: |
San José, Costa Rica
Instituto Central de Relaciones Culturales Israel
1978
|
| Témata: | |
| Tagy: |
Přidat tag
Žádné tagy, Buďte první, kdo vytvoří štítek k tomuto záznamu!
|
MARC
| LEADER | 00000nam a2200000Ia 4500 | ||
|---|---|---|---|
| 008 | 170316s9999 xx 000 0 und d | ||
| 040 | |a cru BVZT | ||
| 090 | |a 100 C-23c | ||
| 100 | |a Cejudo Velázquez, Pablo |9 2073 | ||
| 245 | |a Cuando Israel cumplió treinta años |c / Pablo Cejudo Velázquez | ||
| 260 | |a San José, Costa Rica |b Instituto Central de Relaciones Culturales Israel |c 1978 | ||
| 300 | |a 247 p. | ||
| 520 | |a Análisis sobre el desarrollo del Estado de Israel, a tres décadas de la proclamación de independencia del 14 de mayo de 1948. Inicia explicando una serie de concepciones de carácter cultural como la de “pueblo elegido”, el tiempo y la perennidad, su nombre, etc. Asimismo, en paralelo con referencias tanto bíblicas como históricas, se van explicando una serie de fenómenos y acontecimientos como la separación de los reinos de Israel y Judá, el “renacimiento” de Israel, la errada vía del terrorismo, los territorios, entre otros. | ||
| 650 | |a FILOSOFÍA |9 5 | ||
| 999 | |c 15880 |d 15880 | ||
| 942 | |c 15 D |h 100 C-23c |2 z | ||
